Policy competition for foreign direct investment <a> study of competition among governments to attract FDI

Saved in:
Bibliographic Details
Main Author: Oman, Charles P.
Corporate Author: OECD. Development Centre
Format: Book
Language:English
Published: Paris OECD 2000
Series:Development Centre studies
International development
Subjects:
Tags: Add Tag
No Tags, Be the first to tag this record!

MARC

LEADER 00000nam$a2200000$$$4500
001 0027554
005 20240111125520.5
020 |a 92-64-17197-5 
041 0 |a eng 
044 |a FR 
245 1 0 |a Policy competition for foreign direct investment  |b <a> study of competition among governments to attract FDI  |c by Charles Oman 
264 1 |a Paris  |b OECD  |c 2000 
300 |a 130 s. 
490 1 |a Development Centre studies 
830 0 |a Development Centre studies 
490 1 |a International development 
830 0 |a International development 
610 2 0 |a investície priame zahraničné 
610 2 0 |a konkurencia 
610 2 0 |a vláda 
610 2 0 |a spoločnosti investičné 
610 2 0 |a krajiny rozvojové 
610 2 0 |a investovanie 
610 2 0 |a porovnanie medzinárodné 
610 2 0 |a štandardy 
610 2 0 |a dohody medzinárodné 
610 2 0 |a OECD 
100 1 |a Oman, Charles P. 
710 2 |a OECD. Development Centre